In other rooms, other wonders / (Record no. 28367)

MARC details
000 -LEADER
fixed length control field 01432nam a22002537a 4500
005 - DATE AND TIME OF LATEST TRANSACTION
control field 2009071704254.0
008 - FIXED-LENGTH DATA ELEMENTS--GENERAL INFORMATION
fixed length control field 090717t xxu||||| |||| 00| 0 eng d
010 ## - LCCN (DPL NO)
LC control number B-342128-130
020 ## - INTERNATIONAL STANDARD BOOK NUMBER
International Standard Book Number 9788184000351
Terms of availability 395.00
035 ## - SYSTEM CONTROL NUMBER
System control number B-342128-130
037 ## - SOURCE OF ACQUISITION
Source of stock number/acquisition Pansy Books
040 ## - CATALOGING SOURCE
Original cataloging agency dpl
Language of cataloging English
082 ## - DEWEY DECIMAL CLASSIFICATION NUMBER
Classification number 883.92
100 ## - MAIN ENTRY--PERSONAL NAME
Personal name Daniyal Mueenuddin
245 ## - TITLE STATEMENT
Title In other rooms, other wonders /
Statement of responsibility, etc by Daniyal Mueenuddin
260 ## - PUBLICATION, DISTRIBUTION, ETC. (IMPRINT)
Place of publication, distribution, etc Noida
Name of publisher, distributor, etc Random House Publishers
Date of publication, distribution, etc 2009
270 ## - ADDRESS
Address MindMill Corporate Tower, 2nd Floor, Plot No. 24A,, Sector 16 A
City Noida
Postal code 201301
300 ## - PHYSICAL DESCRIPTION
Extent 247p.
Dimensions 23cm.
942 ## - ADDED ENTRY ELEMENTS (KOHA)
Source of classification or shelving scheme Dewey Decimal Classification
Item type English Books
Call number suffix DAN
Classification part 883.92
Holdings
Withdrawn status Lost status Source of classification or shelving scheme Damaged status Not for loan Collection code Home library Current library Date acquired Source of acquisition Cost, normal purchase price Total Checkouts Full call number Barcode Date last seen Copy number Cost, replacement price Koha item type
    Dewey Decimal Classification     Non-fiction Central Library Central Library 07/08/2009 Pansy Books /878/17.6.09/79/15.6.09/17.6.09 395.00   883.92 DAN B-342128 07/08/2009 1 395.00 English Books
    Dewey Decimal Classification     Non-fiction Patel Nagar Patel Nagar 07/08/2009 Pansy Books /878/17.6.09/79/15.6.09/17.6.09 395.00   883.92 DAN B-342129 07/08/2009 1 395.00 English Books
    Dewey Decimal Classification     Non-fiction Sarojini Nagar Sarojini Nagar 07/08/2009 Pansy Books /878/17.6.09/79/15.6.09/17.6.09 395.00 11 883.92 DAN B-342130 19/08/2015 1 395.00 English Books

© Delhi Public Library
Hit Counter
free hit counter